<?xml version="1.0" encoding="UTF-8"?>
<collection xmlns="http://www.loc.gov/MARC21/slim">
    <record>
        <controlfield tag="001">13109</controlfield>
        <controlfield tag="005">20170907124631.0</controlfield>
        <datafield tag="037" ind1=" " ind2=" ">
            <subfield code="a">TAZ-TFM-2013-1184</subfield>
        </datafield>
        <datafield tag="041" ind1=" " ind2=" ">
            <subfield code="a">spa</subfield>
        </datafield>
        <datafield tag="100" ind1="1" ind2=" ">
            <subfield code="a">Legua Escartín, Javier</subfield>
        </datafield>
        <datafield tag="245" ind1="0" ind2="0">
            <subfield code="a">La inversión directa en el exterior en Rusia: análisis y factores condicionantes</subfield>
        </datafield>
        <datafield tag="260" ind1=" " ind2=" ">
            <subfield code="a">Zaragoza</subfield>
            <subfield code="b">Universidad de Zaragoza</subfield>
            <subfield code="c">2013</subfield>
        </datafield>
        <datafield tag="506" ind1=" " ind2=" ">
            <subfield code="a">by-nc-sa</subfield>
            <subfield code="b">Creative Commons</subfield>
            <subfield code="c">3.0</subfield>
            <subfield code="u">http://creativecommons.org/licenses/by-nc-sa/3.0/</subfield>
        </datafield>
        <datafield tag="520" ind1=" " ind2=" ">
            <subfield code="a">A lo largo de este trabajo se lleva a cabo un análisis macroeconómico en el que se pone de relieve la magnitud de los flujos de IDE recibidos por Rusia y se comparan con los existentes en otros países de similares características como Brasil, India, China y Sudáfrica, prestando mayor atención a las inversiones recibidas desde España y el conjunto de la UE. Posteriormente, se introducen una serie de factores que operan en Rusia y que sirven para explicar la realidad expuesta en forma de cifras en el análisis anterior. Estos factores van desde el marco legal de las inversiones en Rusia, hasta las relaciones institucionales entre Rusia y la UE y los efectos en el clima inversor que se derivan de ambos ámbitos normativos.  Así, en primer lugar se habla de la normativa rusa que afecta de forma directa a las decisiones de inversión, introduciendo el sistema impositivo ruso y las diferentes formas de establecimiento existentes para las sociedades extranjeras. A continuación, se exponen las bases sobre las que se asientan las relaciones institucionales de contenido económico entre Rusia y la UE, haciendo especial hincapié en su posible influencia en los flujos inversores. Finalmente, son citados y analizados los principales condicionantes a la inversión en Rusia, diferenciando entre incentivos y obstáculos a los flujos inversores. Estos condicionantes pueden tener tanto origen legal, como económico o institucional y para tener una mayor noción de la situación del clima inversor en Rusia se hace referencia a una serie de estudios llevados a cabo por instituciones económicas de carácter internacional. De este modo, de lo que se trata es de argumentar cómo las características del país, que se ven reflejadas  en su legislación y en su acción exterior afectan de manera efectiva a los datos obtenidos sobre flujos de IDE.</subfield>
        </datafield>
        <datafield tag="521" ind1=" " ind2=" ">
            <subfield code="a">Máster Universitario en Unión Europea</subfield>
        </datafield>
        <datafield tag="540" ind1=" " ind2=" ">
            <subfield code="a">Derechos regulados por licencia Creative Commons</subfield>
        </datafield>
        <datafield tag="653" ind1="1" ind2=" ">
            <subfield code="a">inversión directa</subfield>
        </datafield>
        <datafield tag="653" ind1="1" ind2=" ">
            <subfield code="a">rusia</subfield>
        </datafield>
        <datafield tag="700" ind1=" " ind2=" ">
            <subfield code="a">Ramírez Alesón, María Luisa</subfield>
            <subfield code="e">dir.</subfield>
        </datafield>
        <datafield tag="710" ind1="2" ind2=" ">
            <subfield code="a">Universidad de Zaragoza</subfield>
            <subfield code="b"> </subfield>
            <subfield code="c"></subfield>
        </datafield>
        <datafield tag="856" ind1="0" ind2=" ">
            <subfield code="f">551889@celes.unizar.es</subfield>
        </datafield>
        <datafield tag="856" ind1="4" ind2=" ">
            <subfield code="s">700181</subfield>
            <subfield code="u">http://zaguan.unizar.es/record/13109/files/TAZ-TFM-2013-1184.pdf</subfield>
            <subfield code="y">Memoria (spa)</subfield>
        </datafield>
        <datafield tag="909" ind1="C" ind2="O">
            <subfield code="o">oai:zaguan.unizar.es:13109</subfield>
            <subfield code="p">driver</subfield>
            <subfield code="p">trabajos-fin-master</subfield>
        </datafield>
        <datafield tag="950" ind1=" " ind2=" ">
            <subfield code="a"></subfield>
        </datafield>
        <datafield tag="980" ind1=" " ind2=" ">
            <subfield code="a">TAZ</subfield>
            <subfield code="b">TFM</subfield>
            <subfield code="c">ECON</subfield>
        </datafield>
    </record>

    
</collection>